| 000 | 00449nam a22001217a 4500 | ||
|---|---|---|---|
| 082 | _a510 | ||
| 245 |
_aSlip and Radiation Effects for two-Dimensional Oblique Stagnation Point Flow Towards a Stretching Surface in a Viscoelastic Fluid _cMuhammad Noveel Sadiq. |
||
| 260 | _bSNS - NUST, | ||
| 650 |
_aMathematics - M. Phil Thesis. _916594 |
||
| 700 |
_aDr. Muhammad Sajid. _916974 |
||
| 942 |
_2ddc _cTHE |
||
| 999 |
_c527957 _d527957 |
||